| 000 | 01212nam a2200277Ia 4500 | ||
|---|---|---|---|
| 003 | PE SENCICO BE | ||
| 005 | 20251020182434.0 | ||
| 008 | 200515s9999 xx 000 0 und d | ||
| 040 |
_aPE SENCICO BE _cPE SENCICO BE |
||
| 041 | _aspa | ||
| 082 |
_a629.8313 _bT64 |
||
| 100 | 1 |
_91290 _aTobajas García, Carlos _eautor |
|
| 245 | 1 | 0 |
_aInstalaciones domóticas / _cCarlos Tobajas García |
| 250 | _a1a ed. | ||
| 260 |
_aBogotá : _bEdiciones de la U, _c2014 |
||
| 300 |
_a[9], 151 h. : _bil., diagrs. ; _c24 cm. |
||
| 505 | _aInstalaciones domóticas. – Elementos de un sistema domótico. – Instalaciones domóticas con corrientes portadoras. – Instalaciones domóticas con autómatas programables. – Instalaciones domóticas basadas en cableado especifico bus de campo. – Instalaciones domóticas inalámbricas. – Prevención de riesgos laborales en sistemas o instalaciones domóticas. | ||
| 650 | 1 | 4 |
_aDomótica _9242 |
| 650 | 2 | 0 |
_aSistemas de energía eléctrica _9401 |
| 650 | 2 | 0 |
_aAutómatas _91291 |
| 650 | 2 | 0 |
_aInstalaciones domóticas _91294 |
| 650 | 2 | 0 |
_aSistemas de control digital _91292 |
| 650 | 2 | 0 |
_aSistemas de control inteligente _91293 |
| 942 |
_cLIB _2ddc |
||
| 999 |
_c336 _d336 |
||